000 00925nam a2200253 i 4500
001 bg
100 1 _aGROCHOWALSKI, Adam
245 1 0 _aBadania nad oznaczeniem polichlorowanych dibenzodioksyn, dibenzofuranów i bifenyli /
_cAdam Grochowalski.
260 _aKraków :
_bPK,
_c2000.
300 _a120 s. :
_bwykr. ;
_c24 cm.
490 1 _aMonografia / Politechnika Krakowska im. Tadeusza Kościuszki. Inżynieria i Technologia Chemiczna
500 _aISSN i nr serii gł.: 0860-097X ; 272. - Streszcz. ang.
504 _aBibliogr.
650 9 _aDibenzodioksyny
_xbadanie
650 9 _aDibenzofurany
_xbadanie
650 9 _aBifenyle
_xbadanie
650 9 _aDioksyny
_xbadanie
_xmetody
830 0 _aMonografia (Politechnika Krakowska im. Tadeusza Kościuszki).
_pInżynieria i Technologia Chemiczna
040 _cBPK
041 0 _apl
_ben
080 _a547
942 _cKS
008 s pl f |000 0 pol
999 _c39620
_d39620
856 _uhttp://koha.tu.koszalin.pl/cgi-bin/koha/opac-detail.pl?biblionumber=39620
_yKatalog online BPK